000
00311nam a22001097a 4500
999
_c
8091
_d
8091
008
200706b ||||| |||| 00| 0 eng d
082
_a
338.927
_b
KUA
100
_a
Kuaanan, Techato,
245
_a
Green roofs and climate change in sustainable urban development
260
_a
New Delhi
_b
Serials
_c
2017
942
_2
ddc